Loading...
| Fine Arts - Classical Music | 0 | 7 | 0 | 0 | 70 | 50 | 74.71 | 2 | 5 |
| Religion | 0 | 7 | 1 | 1 | 65 | 12 | 59.00 | 4 | 6 |
| Literature - World Literature | 0 | 7 | 1 | 0 | 65 | 24 | 51.71 | 5 | 7 |
| Literature - European Literature | 0 | 5 | 0 | 0 | 50 | 20 | 60.20 | 3 | 5 |
| Literature - British Literature | 0 | 6 | 2 | 0 | 50 | 45 | 61.83 | 6 | 6 |
| Painting/Sculpture | 0 | 5 | 2 | 0 | 40 | 14 | 56.80 | 2 | 5 |
| Literature - American Literature | 0 | 5 | 2 | 1 | 40 | 8 | 55.60 | 3 | 5 |
| Philosophy | 0 | 4 | 0 | 0 | 40 | 33 | 44.75 | 2 | 4 |
| Fine Arts - Other Fine Arts | 0 | 5 | 4 | 0 | 30 | 39 | 69.00 | 2 | 5 |
| Social Science | 0 | 2 | 1 | 0 | 15 | 53 | 62.50 | 1 | 2 |
| Mythology | 0 | 2 | 1 | 0 | 15 | 37 | 49.50 | 1 | 2 |
| Current Events | 0 | 1 | 0 | 0 | 10 | 45 | 45.00 | 0 | 1 |
| History - European History | 0 | 1 | 0 | 0 | 10 | 51 | 51.00 | 0 | 1 |
| History - American History | 0 | 1 | 0 | 0 | 10 | 54 | 54.00 | 0 | 1 |
| Pop Culture | 0 | 1 | 0 | 0 | 10 | 34 | 34.00 | 0 | 0 |
| History - World History | 0 | 1 | 0 | 0 | 10 | 56 | 56.00 | 0 | 1 |
| Science - Biology | 0 | 1 | 0 | 0 | 10 | 32 | 32.00 | 1 | 1 |
| Science - Chemistry | 0 | 1 | 0 | 0 | 10 | 13 | 13.00 | 0 | 1 |
| Geography | 0 | 0 | 1 | 0 | -5 | 0.00 | 0 | 0 |